| 000 | 00931nam a2200289Ia 4500 | ||
|---|---|---|---|
| 001 | Z_1450 | ||
| 003 | CHAP | ||
| 008 | 220113s1990 xx 000 0 und d | ||
| 010 | _a164539 | ||
| 040 | _cCHAP | ||
| 090 | _aTesis A 748 | ||
| 100 |
_aArreortua Méndez, Adrián Pedro _97463 |
||
| 245 |
_aInfluencia del estradiol sobre la vida media y funcionamiento del cuerpo lúteo inducido con HCG en vaquillas prepuberes / _cpor Adrián Pedro Arreortua Méndez |
||
| 260 |
_aChapingo, Méx. : _bEl autor, _c1990 |
||
| 300 | _a77 h. ; gráfs. | ||
| 502 | _aTesis (M.C. Esp. en Producción Animal) -- UACH. Departamento de Zootecnia | ||
| 650 |
_aEstradiol _938459 |
||
| 650 |
_aGanado vacuno _xFecundidad _945466 |
||
| 650 |
_aGonadotropina _948622 |
||
| 650 |
_aHormonas _xEfecto en animales domésticos _956236 |
||
| 901 | _aTESIS A 748 | ||
| 902 | _aM | ||
| 910 | _a1990 | ||
| 942 | _c2 | ||
| 942 | _c2 | ||
| 999 |
_c164539 _d164539 |
||